000
00210 a2200097 4500
001
2990
100
_a
Bhatti
245
_a
The quranic concepts of power
260
_a
_b
Progressive pub
_c
090
_c
2278
_d
2278
942
_a
NUST-CAE
_c
M
_c
14202
999
_c
238063
_d
238063